000 00882cam a22002291i 4500
003 SA-RiAUC
005 20260330130247.0
008 260316s1878 le g 000 0 ara c
040 _aLB-JoUSK
_bara
_cSA-RiAUC.
_erda
082 0 4 _a274.157
090 _aم ن 274.157
_bي و س
100 1 _aيوسف الدبس، يوسف بن إلياس بن يوحنا،
_d1833-1907
_eمؤلف.
245 1 0 _aشرح في تقسيم الإرث ويسمى الفروض /
_cيوسف الدبس.
264 1 _aبيروت :
_bالمطبعة العمومية الكاثوليكية،
_c1878
300 _a30 صفحة ؛
_c29 سم
336 _aنص
_btxt
_2rdacontent
_3كتاب
337 _aبدون وسيط
_bn
_2rdamedia
338 _aمجلد
_bnc
_2rdacarrier
650 7 _aالمواريث (مسيحية)
_2aucsh
942 _2ddc
_cRBOOK COPY
_n0
949 _aSA-JeALM
_d260316
_umohamedma123
_n1
999 _c14688
_d14688